Famous people from Liverpool - Statistics

General Stats
  • This quiz has been taken 108 times
    101 since last reset
  • The average score is 10 of 51
Answer Stats
Hint Answer % Correct
The Beatles John Lennon
96%
The Beatles Paul McCartney
93%
The Beatles Ringo Starr
93%
The Beatles George Harrison
87%
Famous singer in the 60s Cilla Black
54%
Former Liverpool FC player Steven Gerrard
51%
Manchester United player Wayne Rooney
44%
James Bond actor Daniel Craig
42%
Former Liverpool FC player Jamie Carragher
35%
Pacemakers Gerry Marsden
33%
Comedian John Bishop
30%
Presenter of the weakest link Anne Robinson
29%
Manager of The Beatles Brian Epstein
29%
Model and wife of Wayne Rooney Coleen Rooney
27%
Model married to Peter Crouch Abbey Clancy
26%
Comedian Ken Dodd
22%
Former Liverpool FC player Robbie Fowler
21%
Sex & the city actress Kim Cattrall
18%
Spice Girls Melanie Chisholm
18%
Former Liverpool FC player Michael Owen
15%
Model and wife of Steven Gerrard Alex Curran
14%
Comedy writer Carla Lane
12%
Sugarbabes Heidi Range
12%
Former X Factor contestant Ray Quinn
12%
Professional boxer Tony Bellew
12%
Former X Factor contestant Rebecca Ferguson
11%
Comedic actor Ricky Tomlinson
10%
Former member of Atomic Kitten Natasha Hamilton
9%
Comedian Jimmy Tarbuck
8%
Famous psychic Derek Acorah
7%
Former member of atomic kitten Liz McClarnon
7%
Former X Factor contestant Marcus Collins
7%
Former MP Edwina Currie
5%
Former member of Atomic Kitten Jenny Frost
5%
Presenter Paul O'Grady
5%
Lead singer of Lawson Andy Brown
4%
Olympic athlete Katarina Johnson- Thompson
4%
DJ Kenny Everett
4%
Coronation street actress Jean Alexander
3%
Glamour model Danielle Lloyd
2%
Former West End dancer Jennifer Ellison
2%
Television presenter Les Dennis
2%
Harry Potter actor Jason Issacs
1%
Comedic actress Alison Steadman
0%
Actress Claire Sweeney
0%
Comedian Freddie Starr
0%
Contestant on American Idol Holly Cavanagh
0%
Television presenter Keith Chegwin
0%
Actor/Writer Neil Fitzmaurice
0%
Comedy actress Sue Jenkins
0%
Comedic actor Ted Robbins
0%
No matching quizzes found
Score Distribution
Percent of People with Each Score
Percentile by Number Answered
Your Score History
You have not taken this quiz since the last reset